[Event "World Chess Olympiad 2018"]
[Site "Batumi"]
[Date "2018.09.27"]
[Round "4"]
[Board "1"]
[WhiteFideId "10000100"]
[White "Ssegwanyi Arthur"]
[BlackFideId "3100197"]
[Black "Almedina Ortiz Edgardo J."]
[Result "0-1"]
[LiveChessVersion "1.4.8"]
[BlackElo "2216"]
[WhiteElo "2347"]

1. e4 {[%clk 1:30:57]} e5 {[%clk 1:30:51]} 2. Nf3 {[%clk 1:31:20]} Nf6
{[%clk 1:30:57]} 3. Nxe5 {[%clk 1:31:17]} d6 {[%clk 1:31:11]} 4. Nf3
{[%clk 1:31:32]} Nxe4 {[%clk 1:31:30]} 5. Nc3 {[%clk 1:31:38]} Nxc3
{[%clk 1:31:27]} 6. dxc3 {[%clk 1:31:54]} Be7 {[%clk 1:31:40]} 7. Be3
{[%clk 1:30:22]} Nc6 {[%clk 1:31:15]} 8. Qd2 {[%clk 1:29:42]} O-O
{[%clk 1:30:50]} 9. O-O-O {[%clk 1:27:03]} Ne5 {[%clk 1:30:40]} 10. Be2
{[%clk 1:19:49]} Nxf3 {[%clk 1:15:47]} 11. Bxf3 {[%clk 1:20:00]} c6
{[%clk 1:16:07]} 12. Kb1 {[%clk 1:17:49]} d5 {[%clk 1:12:37]} 13. h4
{[%clk 1:15:33]} Re8 {[%clk 1:00:23]} 14. g4 {[%clk 1:12:16]} Be6
{[%clk 0:56:44]} 15. h5 {[%clk 1:08:16]} Bf8 {[%clk 0:51:42]} 16. g5
{[%clk 1:00:27]} Bf5 {[%clk 0:45:33]} 17. Rdg1 {[%clk 0:59:09]} Qd7
{[%clk 0:42:33]} 18. Rh4 {[%clk 0:50:23]} Qe6 {[%clk 0:32:00]} 19. Qd1
{[%clk 0:37:29]} Rad8 {[%clk 0:28:58]} 20. Bg4 {[%clk 0:36:44]} Bxg4
{[%clk 0:28:20]} 21. Rhxg4 {[%clk 0:36:58]} Rd7 {[%clk 0:24:59]} 22. Re1
{[%clk 0:33:28]} Rde7 {[%clk 0:21:05]} 23. Qf3 {[%clk 0:31:14]} Qd7
{[%clk 0:19:57]} 24. Rd1 {[%clk 0:30:24]} b5 {[%clk 0:17:00]} 25. Rf4
{[%clk 0:27:05]} Re5 {[%clk 0:15:23]} 26. Qg2 {[%clk 0:20:29]} Qe6
{[%clk 0:12:27]} 27. Rf6 {[%clk 0:15:26]} gxf6 {[%clk 0:10:06]} 28. gxf6+
{[%clk 0:13:02]} Kh8 {[%clk 0:10:31]} 29. Rg1 {[%clk 0:10:46]} Bh6
{[%clk 0:10:48]} 30. Bxh6 {[%clk 0:10:49]} Re1+ {[%clk 0:11:08]} 31. Rxe1
{[%clk 0:11:00]} Qxe1+ {[%clk 0:11:32]} 32. Bc1 {[%clk 0:10:57]} Rg8
{[%clk 0:11:41]} 33. Qh2 {[%clk 0:11:06]} h6 {[%clk 0:11:23]} 34. Qf4
{[%clk 0:10:57]} Rg5 {[%clk 0:08:15]} 35. Qb8+ {[%clk 0:11:12]} Rg8
{[%clk 0:08:18]} 36. Qf4 {[%clk 0:09:54]} Rg1 {[%clk 0:07:26]} 37. Qxh6+
{[%clk 0:08:46]} Kg8 {[%clk 0:07:49]} 38. Qf4 {[%clk 0:08:06]} Qe4
{[%clk 0:07:36]} 39. Qh6 {[%clk 0:07:15]} Qh7 {[%clk 0:06:27]} 40. Qe3
{[%clk 0:33:28]} Qe4 {[%clk 0:35:55]} 41. Qh6 {[%clk 0:30:27]} Qf3
{[%clk 0:31:44]} 42. Qd2 {[%clk 0:20:22]} Qxf6 {[%clk 0:31:06]} 43. b3
{[%clk 0:15:08]} Rg2 {[%clk 0:22:40]} 44. Qd3 {[%clk 0:11:50]} Qxf2
{[%clk 0:19:44]} 45. Kb2 {[%clk 0:11:33]} Qe2 {[%clk 0:19:31]} 46. Qf5
{[%clk 0:09:58]} Qe4 {[%clk 0:18:58]} 47. Qc8+ {[%clk 0:08:35]} Kh7
{[%clk 0:19:15]} 48. Ka3 {[%clk 0:05:00]} Qxc2 {[%clk 0:12:40]} 49. Kb4
{[%clk 0:04:14]} a5+ {[%clk 0:11:56]} 50. Kxa5 {[%clk 0:03:51]} Qxc3+
{[%clk 0:11:53]} 51. Kb6 {[%clk 0:04:09]} Qxc1 {[%clk 0:11:53]} 52. Qf5+
{[%clk 0:04:14]} Kg8 {[%clk 0:12:13]} 0-1

[Event "World Chess Olympiad 2018"]
[Site "Batumi"]
[Date "2018.09.27"]
[Round "4"]
[Board "2"]
[WhiteFideId "3105873"]
[White "Mejias Nunez Rafael E."]
[BlackFideId "10000127"]
[Black "Kawuma Patrick"]
[Result "0-1"]
[LiveChessVersion "1.4.8"]
[BlackElo "2329"]
[WhiteElo "1943"]

1. d4 {[%clk 1:30:56]} Nf6 {[%clk 1:30:51]} 2. Bf4 {[%clk 1:26:59]} g6
{[%clk 1:26:15]} 3. Nf3 {[%clk 1:26:28]} Bg7 {[%clk 1:26:26]} 4. e3
{[%clk 1:25:17]} O-O {[%clk 1:24:02]} 5. Be2 {[%clk 1:22:59]} b6 {[%clk 1:21:52]}
6. O-O {[%clk 1:21:43]} Bb7 {[%clk 1:22:18]} 7. h3 {[%clk 1:21:33]} d6
{[%clk 1:22:43]} 8. Nbd2 {[%clk 1:19:16]} Nbd7 {[%clk 1:19:16]} 9. c3
{[%clk 1:12:52]} Re8 {[%clk 1:13:24]} 10. Bh2 {[%clk 1:12:53]} e5
{[%clk 1:09:00]} 11. Nc4 {[%clk 1:05:46]} Ne4 {[%clk 1:06:04]} 12. Re1
{[%clk 0:59:20]} Qe7 {[%clk 1:01:51]} 13. a4 {[%clk 0:53:49]} a6 {[%clk 0:58:01]}
14. Qb3 {[%clk 0:43:34]} Rab8 {[%clk 0:55:44]} 15. Rad1 {[%clk 0:38:48]} Kh8
{[%clk 0:48:18]} 16. Qc2 {[%clk 0:36:13]} Rbd8 {[%clk 0:46:20]} 17. b4
{[%clk 0:31:51]} f6 {[%clk 0:30:43]} 18. Bf1 {[%clk 0:27:06]} Rf8
{[%clk 0:29:13]} 19. Ncd2 {[%clk 0:20:39]} f5 {[%clk 0:28:36]} 20. Nb3
{[%clk 0:19:49]} Rde8 {[%clk 0:21:36]} 21. Nfd2 {[%clk 0:19:40]} Ng5
{[%clk 0:20:02]} 22. Qb1 {[%clk 0:17:04]} Ne6 {[%clk 0:20:07]} 23. Nc4
{[%clk 0:16:29]} f4 {[%clk 0:14:48]} 24. d5 {[%clk 0:16:13]} fxe3
{[%clk 0:14:49]} 25. Nxe3 {[%clk 0:13:14]} Nf4 {[%clk 0:12:17]} 26. Bxf4
{[%clk 0:11:05]} Rxf4 {[%clk 0:12:36]} 27. g3 {[%clk 0:10:38]} Rf7
{[%clk 0:11:35]} 28. Bg2 {[%clk 0:10:51]} Ref8 {[%clk 0:11:32]} 29. Re2
{[%clk 0:10:32]} Bh6 {[%clk 0:08:24]} 30. Ng4 {[%clk 0:10:14]} Bg7
{[%clk 0:08:51]} 31. Ne3 {[%clk 0:10:32]} Bh6 {[%clk 0:08:57]} 32. Ng4
{[%clk 0:10:10]} Bg7 {[%clk 0:09:20]} 33. Ne3 {[%clk 0:10:34]} Nf6
{[%clk 0:08:53]} 34. Nd2 {[%clk 0:08:27]} Bh6 {[%clk 0:07:22]} 35. Ndf1
{[%clk 0:08:41]} Bc8 {[%clk 0:05:23]} 36. Qd3 {[%clk 0:06:36]} Nh5
{[%clk 0:04:07]} 37. Nh2 {[%clk 0:06:04]} Qg5 {[%clk 0:03:48]} 38. Nhg4
{[%clk 0:04:28]} Bg7 {[%clk 0:03:55]} 39. Rde1 {[%clk 0:03:19]} Nf4
{[%clk 0:02:01]} 40. gxf4 {[%clk 0:33:32]} exf4 {[%clk 0:32:29]} 41. Nc2
{[%clk 0:06:55]} f3 {[%clk 0:29:23]} 42. Re8 {[%clk 0:05:59]} fxg2
{[%clk 0:21:47]} 43. Qe3 {[%clk 0:01:11]} Qxd5 {[%clk 0:19:34]} 44. Qg3
{[%clk 0:00:42]} Bb7 {[%clk 0:16:30]} 45. Nge3 {[%clk 0:00:33]} Qd2
{[%clk 0:15:18]} 46. Rxf8+ {[%clk 0:00:34]} Rxf8 {[%clk 0:15:35]} 47. Rd1
{[%clk 0:00:34]} Qxc3 {[%clk 0:15:43]} 48. Ne1 {[%clk 0:00:49]} Be5
{[%clk 0:15:06]} 49. Qh4 {[%clk 0:00:56]} Qxe3 {[%clk 0:15:07]} 50. Nxg2
{[%clk 0:00:40]} Qf3 {[%clk 0:15:22]} 0-1

[Event "World Chess Olympiad 2018"]
[Site "Batumi"]
[Date "2018.09.27"]
[Round "4"]
[Board "3"]
[WhiteFideId "10001204"]
[White "Okas Walter"]
[BlackFideId "3100715"]
[Black "Diaz Montes Edwin"]
[Result "1/2-1/2"]
[LiveChessVersion "1.4.8"]
[BlackElo "2034"]
[WhiteElo "2258"]

1. Nf3 {[%clk 1:30:04]} d5 {[%clk 1:29:08]} 2. g3 {[%clk 1:30:15]} g6
{[%clk 1:29:19]} 3. Bg2 {[%clk 1:30:26]} Bg7 {[%clk 1:29:37]} 4. d4
{[%clk 1:30:12]} Nf6 {[%clk 1:29:46]} 5. O-O {[%clk 1:30:11]} O-O
{[%clk 1:29:45]} 6. c4 {[%clk 1:26:56]} dxc4 {[%clk 1:27:56]} 7. Na3
{[%clk 1:24:25]} c3 {[%clk 1:24:07]} 8. bxc3 {[%clk 1:24:48]} c5 {[%clk 1:20:28]}
9. Re1 {[%clk 1:21:37]} Nc6 {[%clk 1:18:16]} 10. e3 {[%clk 1:09:05]} Bf5
{[%clk 0:55:16]} 11. Bb2 {[%clk 1:02:54]} Rc8 {[%clk 0:41:07]} 12. d5
{[%clk 0:48:24]} Na5 {[%clk 0:36:33]} 13. c4 {[%clk 0:45:02]} b5 {[%clk 0:26:39]}
14. cxb5 {[%clk 0:38:26]} Be4 {[%clk 0:26:08]} 15. Qa4 {[%clk 0:37:46]} Qxd5
{[%clk 0:26:10]} 16. Rad1 {[%clk 0:32:01]} Qb7 {[%clk 0:26:04]} 17. Nh4
{[%clk 0:29:15]} Bxg2 {[%clk 0:24:33]} 18. Nxg2 {[%clk 0:29:41]} Qc7
{[%clk 0:23:33]} 19. Bc3 {[%clk 0:27:56]} Nb7 {[%clk 0:23:50]} 20. Nc4
{[%clk 0:27:50]} Ne4 {[%clk 0:20:37]} 21. Bxg7 {[%clk 0:26:16]} Kxg7
{[%clk 0:21:05]} 22. Qc2 {[%clk 0:24:58]} Nbd6 {[%clk 0:20:19]} 23. h4
{[%clk 0:18:39]} Nxc4 {[%clk 0:19:00]} 24. Qxc4 {[%clk 0:18:50]} Nd6
{[%clk 0:19:26]} 25. Qc3+ {[%clk 0:18:12]} Kg8 {[%clk 0:19:33]} 26. a4
{[%clk 0:18:31]} Rfd8 {[%clk 0:10:10]} 27. Nf4 {[%clk 0:15:23]} e6
{[%clk 0:10:22]} 28. h5 {[%clk 0:14:59]} Ne4 {[%clk 0:09:54]} 29. Qc4
{[%clk 0:14:16]} Nd2 {[%clk 0:10:10]} 30. Qe2 {[%clk 0:14:17]} Ne4
{[%clk 0:10:10]} 31. Qg4 {[%clk 0:11:11]} f5 {[%clk 0:09:43]} 32. Qh3
{[%clk 0:07:13]} Ng5 {[%clk 0:06:13]} 33. Qg2 {[%clk 0:07:12]} e5
{[%clk 0:05:19]} 34. Nd5 {[%clk 0:07:11]} Qf7 {[%clk 0:05:41]} 35. f4
{[%clk 0:07:19]} e4 {[%clk 0:05:24]} 36. fxg5 {[%clk 0:05:32]} Rxd5
{[%clk 0:05:48]} 37. Rxd5 {[%clk 0:03:31]} Qxd5 {[%clk 0:06:05]} 38. h6
{[%clk 0:03:39]} c4 {[%clk 0:05:49]} 39. Qc2 {[%clk 0:02:40]} Qd3
{[%clk 0:05:49]} 40. Qc1 {[%clk 0:31:46]} Rd8 {[%clk 0:34:56]} 41. a5
{[%clk 0:28:31]} c3 {[%clk 0:33:00]} 42. Qa1 {[%clk 0:28:25]} Qd6
{[%clk 0:12:50]} 43. Kf2 {[%clk 0:26:40]} Qc5 {[%clk 0:10:14]} 44. Re2
{[%clk 0:23:31]} Rd3 {[%clk 0:10:19]} 45. b6 {[%clk 0:19:20]} axb6
{[%clk 0:10:35]} 46. a6 {[%clk 0:12:10]} Qa5 {[%clk 0:09:56]} 47. Qa2+
{[%clk 0:12:27]} Qxa2 {[%clk 0:08:49]} 48. Rxa2 {[%clk 0:12:54]} Rd8
{[%clk 0:08:56]} 49. Ke2 {[%clk 0:13:05]} Kf7 {[%clk 0:07:07]} 50. a7
{[%clk 0:13:28]} Ra8 {[%clk 0:07:35]} 51. Kd1 {[%clk 0:13:34]} Ke6
{[%clk 0:07:07]} 52. Ra6 {[%clk 0:11:57]} Kd5 {[%clk 0:07:10]} 53. Rxb6
{[%clk 0:12:23]} Rxa7 {[%clk 0:07:25]} 54. Kc2 {[%clk 0:11:42]} Kc4
{[%clk 0:07:39]} 55. Rc6+ {[%clk 0:11:18]} Kb4 {[%clk 0:08:07]} 56. Rb6+
{[%clk 0:08:09]} Kc4 {[%clk 0:08:34]} 1/2-1/2

[Event "World Chess Olympiad 2018"]
[Site "Batumi"]
[Date "2018.09.27"]
[Round "4"]
[Board "4"]
[WhiteFideId "3100030"]
[White "Freyre Forest Jorge"]
[BlackFideId "10000259"]
[Black "Kantinti Shadrack"]
[Result "1-0"]
[LiveChessVersion "1.4.8"]
[BlackElo "2039"]
[WhiteElo "2016"]

1. e4 {[%clk 1:30:48]} e5 {[%clk 1:30:32]} 2. Nf3 {[%clk 1:30:21]} Nc6
{[%clk 1:30:55]} 3. Bb5 {[%clk 1:30:19]} a6 {[%clk 1:30:31]} 4. Ba4
{[%clk 1:30:40]} Nf6 {[%clk 1:30:32]} 5. d4 {[%clk 1:29:40]} b5 {[%clk 1:27:50]}
6. Bb3 {[%clk 1:29:31]} exd4 {[%clk 0:59:03]} 7. e5 {[%clk 1:16:10]} Bb4+
{[%clk 0:52:25]} 8. c3 {[%clk 1:15:49]} dxc3 {[%clk 0:43:36]} 9. bxc3
{[%clk 1:16:00]} Qe7 {[%clk 0:35:15]} 10. O-O {[%clk 1:06:24]} O-O
{[%clk 0:22:33]} 11. exf6 {[%clk 1:04:42]} gxf6 {[%clk 0:22:49]} 12. cxb4
{[%clk 1:04:37]} Kh8 {[%clk 0:22:39]} 13. Bb2 {[%clk 1:03:21]} Rg8
{[%clk 0:22:01]} 14. Re1 {[%clk 1:02:46]} Ne5 {[%clk 0:15:41]} 15. Nxe5
{[%clk 1:01:30]} fxe5 {[%clk 0:01:47]} 16. Rxe5 {[%clk 0:59:28]} Qf6
{[%clk 0:01:14]} 17. Re2 {[%clk 0:59:30]} 1-0

[Event "World Chess Olympiad 2018"]
[Site "Batumi"]
[Date "2018.09.27"]
[Round "4"]
[Board "1"]
[WhiteFideId "11100400"]
[White "Del Castilho Martyn"]
[BlackFideId "12600407"]
[Black "Mensah Joseph Jamena"]
[Result "0-1"]
[LiveChessVersion "1.4.8"]
[BlackElo "1999"]
[WhiteElo "2250"]

1. e4 {[%clk 1:30:57]} e5 {[%clk 1:30:55]} 2. Nf3 {[%clk 1:31:21]} Nc6
{[%clk 1:31:22]} 3. Bb5 {[%clk 1:31:45]} Bc5 {[%clk 1:24:04]} 4. O-O
{[%clk 1:32:02]} Nf6 {[%clk 1:22:21]} 5. Nxe5 {[%clk 1:31:36]} O-O
{[%clk 1:21:34]} 6. Nd3 {[%clk 1:27:00]} Bb6 {[%clk 1:17:04]} 7. e5
{[%clk 1:23:12]} Ne4 {[%clk 1:16:43]} 8. Nc3 {[%clk 1:18:36]} f5 {[%clk 1:11:45]}
9. Nd5 {[%clk 0:57:30]} Bd4 {[%clk 1:08:13]} 10. c3 {[%clk 0:54:54]} Bxe5
{[%clk 1:07:34]} 11. Nxe5 {[%clk 0:52:45]} Nxe5 {[%clk 1:07:12]} 12. d3
{[%clk 0:46:48]} Nd6 {[%clk 1:07:10]} 13. Ba4 {[%clk 0:46:16]} c6
{[%clk 1:07:18]} 14. d4 {[%clk 0:43:35]} Ng4 {[%clk 1:05:58]} 15. Nf4
{[%clk 0:36:42]} Rf6 {[%clk 0:48:19]} 16. Bb3+ {[%clk 0:33:55]} Kh8
{[%clk 0:48:29]} 17. Nd3 {[%clk 0:31:35]} Nf7 {[%clk 0:46:28]} 18. h3
{[%clk 0:30:31]} Ngh6 {[%clk 0:46:41]} 19. Re1 {[%clk 0:27:51]} d5
{[%clk 0:46:50]} 20. Qh5 {[%clk 0:26:06]} Be6 21. Bf4 {[%clk 0:24:42]} b6
{[%clk 0:40:50]} 22. Re2 {[%clk 0:24:37]} Qd7 {[%clk 0:40:19]} 23. Rae1
{[%clk 0:24:46]} Rg8 {[%clk 0:37:59]} 24. Ne5 {[%clk 0:21:56]} Qc8
{[%clk 0:36:48]} 25. Nf3 {[%clk 0:14:39]} Bd7 {[%clk 0:22:10]} 26. Re7
{[%clk 0:11:56]} Be8 {[%clk 0:19:50]} 27. Rc7 {[%clk 0:07:56]} Qd8
{[%clk 0:18:05]} 28. Ree7 {[%clk 0:08:17]} Ne5 {[%clk 0:14:08]} 29. Qh4
{[%clk 0:02:55]} Nxf3+ {[%clk 0:12:52]} 30. gxf3 {[%clk 0:03:23]} Nf7
{[%clk 0:12:39]} 31. Kh2 {[%clk 0:02:46]} h6 {[%clk 0:04:20]} 32. Qg3
{[%clk 0:02:47]} Kh7 {[%clk 0:04:07]} 33. Be5 {[%clk 0:02:35]} Rg6
{[%clk 0:03:32]} 34. Qf4 {[%clk 0:02:54]} Nxe5 {[%clk 0:01:56]} 35. Qxe5
{[%clk 0:03:18]} Qd6 {[%clk 0:02:16]} 36. Rxg7+ {[%clk 0:03:08]} R8xg7
{[%clk 0:01:52]} 37. Rxg7+ {[%clk 0:03:13]} Kh8 {[%clk 0:01:48]} 38. Rxg6+
{[%clk 0:02:15]} Qxe5+ {[%clk 0:01:51]} 39. dxe5 {[%clk 0:02:44]} Bxg6
{[%clk 0:01:53]} 40. Kg3 {[%clk 0:32:46]} Kg7 {[%clk 0:31:52]} 41. Kf4
{[%clk 0:32:37]} Kf7 {[%clk 0:31:53]} 42. c4 {[%clk 0:32:48]} d4 {[%clk 0:31:19]}
43. c5+ {[%clk 0:33:11]} Ke7 {[%clk 0:31:45]} 44. cxb6 {[%clk 0:33:24]} axb6
{[%clk 0:32:13]} 45. a4 {[%clk 0:33:33]} c5 {[%clk 0:32:18]} 46. Bc4
{[%clk 0:32:28]} Bf7 {[%clk 0:29:43]} 47. Bd3 {[%clk 0:32:28]} Be6
{[%clk 0:30:10]} 48. Kg3 {[%clk 0:32:19]} c4 {[%clk 0:27:34]} 49. Bc2
{[%clk 0:32:40]} Kd7 {[%clk 0:26:47]} 50. f4 {[%clk 0:31:24]} Kc6
{[%clk 0:26:56]} 51. Kh4 {[%clk 0:31:01]} d3 {[%clk 0:27:01]} 52. Bd1
{[%clk 0:31:28]} Bf7 {[%clk 0:27:00]} 53. Kg3 {[%clk 0:30:11]} Kc5
{[%clk 0:27:19]} 54. Kh4 {[%clk 0:25:48]} Kd4 {[%clk 0:26:37]} 55. e6
{[%clk 0:25:55]} Be8 {[%clk 0:25:55]} 56. e7 {[%clk 0:26:16]} c3 {[%clk 0:22:48]}
57. bxc3+ {[%clk 0:26:31]} Kxc3 {[%clk 0:22:18]} 58. Bh5 {[%clk 0:23:38]} Bxa4
{[%clk 0:17:38]} 59. e8=Q {[%clk 0:24:03]} Bxe8 {[%clk 0:17:40]} 60. Bxe8
{[%clk 0:24:32]} d2 {[%clk 0:17:50]} 61. Ba4 {[%clk 0:24:22]} b5 {[%clk 0:17:57]}
62. Bd1 {[%clk 0:24:47]} b4 {[%clk 0:17:23]} 0-1

[Event "World Chess Olympiad 2018"]
[Site "Batumi"]
[Date "2018.09.27"]
[Round "4"]
[Board "2"]
[WhiteFideId "12600148"]
[White "Anquandah Francis Eric"]
[BlackFideId "11100516"]
[Black "Blackman Justin"]
[Result "0-1"]
[LiveChessVersion "1.4.8"]
[BlackElo "2158"]
[WhiteElo "1992"]

1. e4 {[%clk 1:30:42]} c5 {[%clk 1:30:55]} 2. Nf3 {[%clk 1:31:06]} d6
{[%clk 1:31:23]} 3. d4 {[%clk 1:31:23]} cxd4 {[%clk 1:31:47]} 4. Bb5+
{[%clk 1:31:19]} Nd7 {[%clk 1:32:13]} 5. Nxd4 {[%clk 1:31:29]} a6
{[%clk 1:32:25]} 6. Ba4 {[%clk 1:31:42]} Ngf6 {[%clk 1:32:47]} 7. f3
{[%clk 1:29:44]} e6 {[%clk 1:32:38]} 8. Nc3 {[%clk 1:29:07]} Be7 {[%clk 1:27:56]}
9. Be3 {[%clk 1:29:14]} Qc7 {[%clk 1:28:10]} 10. Qd2 {[%clk 1:29:28]} b5
{[%clk 1:28:13]} 11. Bb3 {[%clk 1:29:30]} Nc5 {[%clk 1:25:59]} 12. O-O
{[%clk 1:28:04]} Bd7 {[%clk 1:17:59]} 13. Rfd1 {[%clk 1:20:15]} O-O
{[%clk 1:15:26]} 14. Rac1 {[%clk 1:17:56]} Rab8 {[%clk 1:09:40]} 15. a3
{[%clk 1:15:16]} a5 {[%clk 1:08:52]} 16. Qe2 {[%clk 1:01:05]} Qb7
{[%clk 1:05:16]} 17. Qf2 {[%clk 0:40:38]} Rfc8 {[%clk 0:49:27]} 18. Kh1
{[%clk 0:30:06]} Na4 {[%clk 0:45:06]} 19. Rb1 {[%clk 0:12:23]} Rxc3
{[%clk 0:42:01]} 20. bxc3 {[%clk 0:12:22]} Nxc3 {[%clk 0:42:25]} 21. Qd2
{[%clk 0:10:56]} Nxd1 {[%clk 0:37:46]} 22. Qxd1 {[%clk 0:11:11]} Qc8
{[%clk 0:35:45]} 23. Qd3 {[%clk 0:09:37]} b4 {[%clk 0:32:51]} 24. a4
{[%clk 0:09:54]} Qb7 {[%clk 0:25:10]} 25. g4 {[%clk 0:09:32]} Ne8
{[%clk 0:21:16]} 26. g5 {[%clk 0:08:54]} Nc7 {[%clk 0:20:24]} 27. Rg1
{[%clk 0:09:12]} d5 {[%clk 0:15:04]} 28. Bf4 {[%clk 0:09:06]} dxe4
{[%clk 0:13:59]} 29. Qxe4 {[%clk 0:09:23]} Qxe4 {[%clk 0:13:29]} 30. fxe4
{[%clk 0:09:51]} Rc8 {[%clk 0:13:45]} 31. Rd1 {[%clk 0:08:28]} Be8
{[%clk 0:13:21]} 32. h4 {[%clk 0:08:37]} Na6 {[%clk 0:10:30]} 33. Nxe6
{[%clk 0:08:55]} Rc3 {[%clk 0:10:55]} 34. Nd8 {[%clk 0:07:08]} Nc5
{[%clk 0:08:58]} 35. Bc7 {[%clk 0:05:28]} Nxb3 {[%clk 0:09:16]} 36. cxb3
{[%clk 0:05:11]} Rxc7 {[%clk 0:09:37]} 37. Rd5 {[%clk 0:04:36]} Bd7
{[%clk 0:09:44]} 38. Nxf7 {[%clk 0:01:17]} Kxf7 {[%clk 0:10:03]} 39. Rxa5
{[%clk 0:01:43]} Bc6 {[%clk 0:10:21]} 40. Kg2 {[%clk 0:31:09]} Bxe4+
{[%clk 0:40:43]} 0-1

[Event "World Chess Olympiad 2018"]
[Site "Batumi"]
[Date "2018.09.27"]
[Round "4"]
[Board "3"]
[WhiteFideId "11101660"]
[White "Prescod Bryan"]
[BlackFideId "12600784"]
[Black "Ajavon Anthony Obieni"]
[Result "0-1"]
[LiveChessVersion "1.4.8"]
[BlackElo "1902"]
[WhiteElo "2039"]

1. d4 {[%clk 1:30:57]} Nf6 {[%clk 1:30:48]} 2. Bf4 {[%clk 1:31:19]} e6
{[%clk 1:30:09]} 3. e3 {[%clk 1:31:36]} d5 {[%clk 1:30:20]} 4. Nd2
{[%clk 1:31:55]} Bd6 {[%clk 1:30:22]} 5. Ngf3 {[%clk 1:32:05]} O-O
{[%clk 1:29:37]} 6. Bd3 {[%clk 1:32:20]} c5 {[%clk 1:27:47]} 7. c3
{[%clk 1:32:31]} b6 {[%clk 1:21:52]} 8. Qe2 {[%clk 1:27:25]} cxd4
{[%clk 1:21:02]} 9. cxd4 {[%clk 1:27:37]} Bb7 {[%clk 1:17:32]} 10. Ne5
{[%clk 1:20:13]} Nc6 {[%clk 1:14:55]} 11. a3 {[%clk 1:15:48]} h6 {[%clk 1:12:55]}
12. h4 {[%clk 1:01:45]} Bxe5 {[%clk 1:04:38]} 13. dxe5 {[%clk 1:01:51]} Nd7
{[%clk 1:05:00]} 14. Qh5 {[%clk 1:02:01]} f5 {[%clk 0:58:18]} 15. exf6
{[%clk 0:30:59]} Qxf6 {[%clk 0:57:25]} 16. Qg6 {[%clk 0:23:59]} Qxg6
{[%clk 0:56:02]} 17. Bxg6 {[%clk 0:24:27]} Nce5 {[%clk 0:54:12]} 18. Bc2
{[%clk 0:19:01]} Rac8 {[%clk 0:53:11]} 19. Kd1 {[%clk 0:17:31]} Ng4
{[%clk 0:51:57]} 20. Rf1 {[%clk 0:09:19]} Ba6 {[%clk 0:51:22]} 21. f3
{[%clk 0:08:33]} Rxf4 {[%clk 0:48:29]} 0-1

[Event "World Chess Olympiad 2018"]
[Site "Batumi"]
[Date "2018.09.27"]
[Round "4"]
[Board "4"]
[WhiteFideId "12600750"]
[White "Adu Jnr Lionel"]
[BlackFideId "11101733"]
[Black "Harewood Jerome"]
[Result "1-0"]
[LiveChessVersion "1.4.8"]
[BlackElo "1843"]
[WhiteElo "1896"]

1. g3 {[%clk 1:30:57]} Nf6 {[%clk 1:30:53]} 2. Bg2 {[%clk 1:31:22]} g6
{[%clk 1:31:16]} 3. d4 {[%clk 1:31:34]} Bg7 {[%clk 1:31:37]} 4. Nf3
{[%clk 1:32:02]} c6 {[%clk 1:31:28]} 5. O-O {[%clk 1:32:17]} O-O {[%clk 1:31:30]}
6. c4 {[%clk 1:32:34]} d5 {[%clk 1:29:32]} 7. cxd5 {[%clk 1:29:03]} cxd5
{[%clk 1:29:49]} 8. Nc3 {[%clk 1:29:25]} Nc6 {[%clk 1:29:41]} 9. a3
{[%clk 1:27:00]} e6 {[%clk 1:20:45]} 10. Qb3 {[%clk 1:22:19]} Qe7
{[%clk 1:15:41]} 11. Bg5 {[%clk 1:21:25]} h6 {[%clk 1:12:11]} 12. Bxf6
{[%clk 1:20:55]} Bxf6 {[%clk 1:12:29]} 13. Rad1 {[%clk 1:20:50]} Bd7
{[%clk 0:43:41]} 14. Rfe1 {[%clk 1:17:55]} Rac8 {[%clk 0:41:37]} 15. e4
{[%clk 1:02:28]} Na5 {[%clk 0:41:46]} 16. Qa2 {[%clk 1:01:31]} dxe4
{[%clk 0:40:34]} 17. Rxe4 {[%clk 1:01:59]} Nc4 {[%clk 0:16:45]} 18. Nd5
{[%clk 0:48:24]} Qd8 {[%clk 0:16:10]} 19. Nxf6+ {[%clk 0:44:34]} Qxf6
{[%clk 0:16:34]} 20. Ne5 {[%clk 0:44:54]} Nxe5 {[%clk 0:08:48]} 21. dxe5
{[%clk 0:45:12]} Qf5 {[%clk 0:08:14]} 22. g4 {[%clk 0:34:29]} Qg5
{[%clk 0:08:33]} 23. Rxd7 {[%clk 0:32:08]} Rc1+ {[%clk 0:07:46]} 24. Bf1
{[%clk 0:32:25]} Qh4 {[%clk 0:07:50]} 25. Qb3 {[%clk 0:32:22]} Rfc8
{[%clk 0:08:07]} 26. Qf3 {[%clk 0:29:33]} Rf8 {[%clk 0:06:16]} 27. Qg3
{[%clk 0:29:30]} Qxg3+ {[%clk 0:04:57]} 28. hxg3 {[%clk 0:29:57]} Rfc8
{[%clk 0:05:07]} 29. Rxb7 {[%clk 0:30:11]} Rb1 {[%clk 0:04:43]} 30. Kg2
{[%clk 0:30:32]} Rcc1 {[%clk 0:04:25]} 31. Bd3 {[%clk 0:30:20]} Rg1+
{[%clk 0:03:49]} 32. Kf3 {[%clk 0:30:43]} Rbd1 {[%clk 0:04:11]} 33. Bc4 1-0

[Event "World Chess Olympiad 2018"]
[Site "Batumi"]
[Date "2018.09.27"]
[Round "4"]
[Board "1"]
[WhiteFideId "12000027"]
[White "Frick Renato"]
[BlackFideId "6100031"]
[Black "Lacayo Rene"]
[Result "0-1"]
[LiveChessVersion "1.4.8"]
[BlackElo "2228"]
[WhiteElo "2058"]

1. e4 {[%clk 1:30:54]} c5 {[%clk 1:30:55]} 2. Nf3 {[%clk 1:31:15]} e6
{[%clk 1:31:20]} 3. d4 {[%clk 1:31:36]} cxd4 {[%clk 1:31:46]} 4. Nxd4
{[%clk 1:32:01]} Nc6 {[%clk 1:32:04]} 5. Nc3 {[%clk 1:32:23]} Qc7
{[%clk 1:32:24]} 6. Be3 {[%clk 1:29:21]} a6 {[%clk 1:32:50]} 7. Qf3
{[%clk 1:25:45]} Nf6 {[%clk 1:30:15]} 8. O-O-O {[%clk 1:25:44]} b5
{[%clk 1:03:15]} 9. e5 {[%clk 1:04:27]} b4 {[%clk 1:03:15]} 10. Ne4
{[%clk 0:57:46]} Nxe4 {[%clk 1:01:48]} 11. Qxe4 {[%clk 0:51:18]} Qxe5
{[%clk 1:01:59]} 12. Qd3 {[%clk 0:44:06]} Qc7 {[%clk 0:57:23]} 13. Be2
{[%clk 0:41:15]} Bb7 {[%clk 0:55:50]} 14. Rhe1 {[%clk 0:37:05]} Be7
{[%clk 0:54:23]} 15. Nb3 {[%clk 0:27:24]} Rc8 {[%clk 0:41:12]} 16. Rd2
{[%clk 0:23:30]} d5 {[%clk 0:27:53]} 17. f4 {[%clk 0:21:01]} O-O {[%clk 0:24:23]}
18. Kb1 {[%clk 0:16:20]} a5 {[%clk 0:19:00]} 19. Qb5 {[%clk 0:13:45]} Rb8
{[%clk 0:12:02]} 20. Qa4 {[%clk 0:08:20]} Ra8 {[%clk 0:10:14]} 21. Rf1
{[%clk 0:07:12]} Rfb8 {[%clk 0:09:08]} 22. f5 {[%clk 0:06:54]} Ne5
{[%clk 0:08:14]} 23. Nd4 {[%clk 0:07:08]} exf5 {[%clk 0:07:18]} 24. Rxf5
{[%clk 0:05:59]} f6 {[%clk 0:04:14]} 25. Bf4 {[%clk 0:04:23]} Bd6
{[%clk 0:04:14]} 26. Nb5 {[%clk 0:04:11]} Qd7 {[%clk 0:04:22]} 27. g4
{[%clk 0:02:51]} Bc6 {[%clk 0:04:18]} 28. Qb3 {[%clk 0:03:08]} a4
{[%clk 0:04:16]} 29. Qg3 {[%clk 0:02:17]} Bxb5 {[%clk 0:04:33]} 30. Bxe5
{[%clk 0:01:59]} Bxe5 {[%clk 0:04:30]} 31. Qg2 {[%clk 0:00:55]} Bxe2
{[%clk 0:04:45]} 32. Rxd5 {[%clk 0:01:18]} Qe6 {[%clk 0:04:23]} 0-1